| 000 | 00374nam a2200145Ia 4500 | ||
|---|---|---|---|
| 008 | 230312s9999||||xx |||||||||||||| ||und|| | ||
| 020 | _a0538453028 | ||
| 082 |
_a005.133 _bDOY-C |
||
| 100 | _aSchildts,Herb | ||
| 245 | 0 | _aHerb Schildts C++ Programming Cook Book | |
| 260 |
_bCengage Learning _aUSA _c2011 |
||
| 300 | _a1056 | ||
| 650 |
_aComputer _vProgramming |
||
| 942 | _cBK | ||
| 999 |
_c15885 _d15885 |
||